000 00730nam a2200205 a 4500
001 000023987
005 20250204073952.0
008 110118s2001 dr o 000 0 spa d
020 _a9993485209
040 _aDO-SdBNP
_bspa
_cBNPHU
082 _axxx
_bP613p
100 1 _aPiñeiro Iñíguez, Carlos
_949322
245 1 0 _aPasión por América /
_cCarlos Piñeiro Iñíguez ; presentación Sonia Henríquez Ureña de Hlito ; prólogo Mariano Lebrón Saviñón.
260 _aSanto Domingo :
_bAmigo del Hogar,
_c2001.
300 _a128 p. :
_bretr. ;
_c24 cm.
504 _aBibliografía : p. 99-118
700 1 _aHenríquez Ureña, Sonia
_949323
700 1 _aLebrón Saviñon, Mariano
_d1922-2014
_epról.
_97227
049 _aBNPD
999 _c23482
_d23482